000 00297nam a2200121Ia 4500
005 20251222144805.0
008 251222s9999||||xx |||||||||||||| ||spa||
082 _a344.046/M61
245 0 _aPolĂ­tica Nacional del Ambiente
250 _a1ra.ed.
264 _bMinisterio del Ambiente
942 _cLIB
999 _c19874
_d19874